Normal view
MARC view
- Sastry N.G
Entry Personal Name
001 - CONTROL NUMBER
- control field: 215875
003 - CONTROL NUMBER IDENTIFIER
- control field: OSt
005 - DATE AND TIME OF LATEST TRANSACTION
- control field: 20251217141327.0
008 - FIXED-LENGTH DATA ELEMENTS
- fixed length control field: 251217|| aca||aabn | a|a d
040 ## - CATALOGING SOURCE
- Original cataloging agency: OSt
- Transcribing agency: OSt
100 ## - HEADING--PERSONAL NAME
- Personal name: Sastry N.G
670 ## - SOURCE DATA FOUND
- Source citation: Work cat.: (OSt)369407: Sastry N.G., Artificial Intelligence And Industry 5.0, 2025